Izze Soda Flavors - Statistics

General Stats
  • This quiz has been taken 3 times
  • The average score is 7 of 11
Answer Stats
Flavor % Correct
Apple
100%
Lemon
100%
Peach
100%
Strawberry
100%
Blackberry
67%
Blueberry
67%
Mango
67%
Pear
33%
Pomegranate
33%
Cherry Lime
0%
Clementine
0%
No matching quizzes found
Score Distribution
Percent of People with Each Score
Percentile by Number Answered
Your Score History
You have not taken this quiz